| 000 | 01029nam a22002055i 4500 | ||
|---|---|---|---|
| 001 | 162926 | ||
| 003 | ES-MaACL | ||
| 005 | 20250720005115.0 | ||
| 008 | 951113s1837 sp |||| | spa d | ||
| 100 | 1 |
_aRamírez de las Casas Deza, Luis María. _995137 |
|
| 245 | 1 | 0 |
_aIndicador cordobés o sea resumen de las noticias necesarias a los viajeros y curiosos para tomar conocimiento de la historia, antigüedades, producciones naturales e industriales, y objetos de las bellas artes que se conservan en la ciudad de Córdoba, especialmente de su Iglesia Catedral / _cpor Luis María Ramírez y las Casas-Deza. |
| 260 |
_aCórdoba : _b[s.n.], _c1837 ( _fImp. de Rafael García Rodríguez) |
||
| 300 |
_a197 p. ; _c16 cm. |
||
| 530 | _aDisponible en formato digital. | ||
| 610 | 2 | 4 |
_aMezquita-catedral de Córdoba. _9146676 |
| 651 | 7 |
_aCórdoba- _xDescripción _2 _9137118 |
|
| 852 |
_aES-MaACL _jD-2751 |
||
| 856 |
_uhttp://bdh-rd.bne.es/viewer.vm?id=0000099102&page=1 _zBiblioteca Digital Hispánica |
||
| 999 |
_c162926 _d162926 |
||